000 04415namaa22004211i 4500
003 EG-GICUC
005 20260430200752.0
008 260430s2025 ua a|||frm||| 000 0 eng d
040 _aEG-GICUC
_beng
_cEG-GICUC
_dEG-GICUC
_erda
041 0 _aeng
_beng
_bara
049 _aDeposit
082 0 4 _a428.24
092 _a428.24
_221
097 _aPh.D
099 _aCai01.02.12.Ph.D.2025.Sa.L
100 0 _aSafaa Mohamed Mahmoud Abdou,
_epreparation.
245 1 0 _aLiterary gardens as counter-archival spaces in the age of the anthropocene :
_ba comparative feminist study of selected novels /
_cby Safaa Mohamed Mahmoud Abdou ; Supervision Prof. Pervine Yehia Elrefaei.
246 1 5 _aالحدائق الأدبية بوصفها مساحات أرشيفية مضادة في عصر الأنثروبوسين :
_bدراسة نسوية مقارنة لروايات مختارة
264 0 _c2025.
300 _a213 pages :
_billustrations ;
_c25 cm. +
_eCD.
336 _atext
_2rda content
337 _aUnmediated
_2rdamedia
338 _avolume
_2rdacarrier
502 _aThesis (Ph.D)-Cairo University, 2025.
504 _aBibliography: pages 191-213.
520 3 _aIn the age of the Anthropocene, capitalism, imperialism, and climate change, horticultural issues of gardening and greening become pressing matters. This dissertation aims to conduct a comparative study of the literary representations of gardens as counter-archival spaces in three contemporary novels, mainly Diane Wilson’s The Seed Keeper (2021), Elif Shafak’s The Island of Missing Trees (2021), and Francesca Momplaisir’s The Garden of Broken Things (2022). Utilizing a multidisciplinary comparative approach, the dissertation draws on theories of the archive in relation to feminist, spatial, and environmental theories to explore how the garden represents a decolonial, political space, intrinsically intertwined with memory, history, identity, and power structures. It argues that, in the Anthropocene, the gardenscapes of gendered and political conflict emerge as sites of feminist and ecological resistance that unravel and navigate historical conflicts and identitarian issues.
520 3 _aفي عصر الأنثروبوسين، وفي ظل والرأسمالية والإمبريالية وتغير المناخ، أصبحت قضايا البستنة والتخضير مسائل ملحة. تهدف الرسالة إلى إجراء دراسة مقارنة للتمثيلات الأدبية للحدائق بوصفها مساحات أرشيفية نسوية مضادة في ثلاث روايات معاصرة من ثقافات مختلفة، وهم: حارس البذور (2021) للمؤلفة الأمريكية من السكان الأصليين ديان ويلسون وجزيرة الأشجار المفقودة (2021) للروائية التركية البريطانية إليف شفق وحديقة الأشياء المحطمة (2022) للكاتبة الهايتية فرانشيسكامومبليسير. باستخدام نهج مقارن متعدد التخصصات، تعتمد الرسالة على نظريات الأرشيف بالإضافة إلى نظريات النسوية والمكان والبيئة لدراسة تمثيل الحديقة بوصفها مكانديكولونياليسياسي يتشابك مع هياكل الذاكرة والتاريخ والهوية والسلطة وكيف تتعامل الشخصيات النسائية في هذه الروايات المختارة مع واقعها الجندريمن خلال الحديقة. تكشف الدراسة أن في عصر الأنثروبوسين، تظهر الحدائق كمساحات للمقاومة النسوية والبيئية ومواجهة الصراعات التاريخية ومناقشة قضايا الهوية.
530 _aIssues also as CD.
546 _aText in English and abstract in Arabic & English.
650 0 _aEnglish Language
650 0 _aاللغة الإنجليزية
653 0 _agardens
_aAnthropocene
_afeminist
_aarchival
_amemory
_aالحدائق
_aالأنثروبوسين
700 0 _aPervine Yehia Elrefaei
_ethesis advisor.
900 _b01-01-2025
_cPervine Yehia Elrefaei
_UCairo University
_FFaculty of Arts
_DDepartment of English Language and Literature
905 _aShimaa
942 _2ddc
_cTH
_e21
_n0
999 _c179875